Actors / Actresses Chain #3 - Statistics

General Stats
  • This quiz has been taken 130 times
  • The average score is 16 of 38
Answer Stats
Answer Hint % Correct
Reese Witherspoon Walk the Line
82%
Reese Witherspoon Legally Blonde
82%
Russell Crowe L.A. Confidential
73%
Russell Crowe Gladiator
73%
Joaquin Phoenix Gladiator
70%
Joaquin Phoenix Walk the Line
70%
Jack Nicholson As Good as It Gets
63%
Jack Nicholson Batman
63%
Pierce Brosnan Mamma Mia!
60%
Pierce Brosnan The World Is Not Enough
60%
Rowan Atkinson Johnny English Reborn
59%
Rowan Atkinson Rat Race
59%
Jason Sudeikis We're the Millers
47%
Ewan McGregor Star Wars: Episode III – Revenge of the Sith
41%
Ewan McGregor Angels & Demons
41%
Rosamund Pike Gone Girl
41%
Rosamund Pike Johnny English Reborn
41%
Kim Basinger Batman
40%
Kim Basinger L.A. Confidential
40%
Emma Roberts We're the Millers
36%
Emma Roberts Little Italy
36%
Sarah Michelle Gellar Cruel Intentions
35%
Sarah Michelle Gellar I Know What You Did Last Summer
35%
Jennifer Love Hewitt I Know What You Did Last Summer
32%
Jennifer Love Hewitt The Tuxedo
32%
Jackie Chan The Tuxedo
30%
Hayden Christensen Little Italy
26%
Hayden Christensen Star Wars: Episode III – Revenge of the Sith
26%
Neil Patrick Harris Starship Troopers
24%
Neil Patrick Harris Gone Girl
24%
Denise Richards The World Is Not Enough
21%
Denise Richards Starship Troopers
21%
Selma Blair Legally Blonde
20%
Selma Blair Cruel Intentions
20%
Stellan Skarsgård Angels & Demons
19%
Stellan Skarsgård Mamma Mia!
19%
Cuba Gooding Jr Rat Race
11%
Cuba Gooding Jr As Good as It Gets
11%
No matching quizzes found
Score Distribution
Percent of People with Each Score
Percentile by Number Answered
Your Score History
You have not taken this quiz